000 00679nam a22002057a 4500
003 0
005 20250905154824.0
008 250905b xxu||||| |||| 00| 0 eng d
020 _a979-8-89161-587-8
050 _aLB 1139.23
_b.H69 2025
100 _aHoward, Patrick,
_eauthor.
245 _aFoundations of early childhood education /
_cPatrick Howard.
260 _aJersey City, USA :
_bAlexis Press,
_c2025.
300 _ax, 310 pages :
_billustrations ;
_c27 cm.
504 _aIncludes bibliographical references and index.
650 _aEarly childhood education.
650 _aEducation, Preschool.
650 _aChild development
_xStudy and teaching.
942 _2lcc
_cBK
999 _c367790
_d367790